000 00569cam a22002053a 4500
001 45363
003 PGUSA
005 20140828084040.0
008 140411s2014||||xxu|||||s|||||000 | eng d
040 _aPGUSA
_beng
042 _adc
100 1 _aLang, Andrew,
_d1844-1912
245 1 4 _aThe Secret of the Totem
_h[electronic resource] /
_cAndrew Lang
260 _bProject Gutenberg,
_c2014
506 _aPublic domain in the USA.
516 _aElectronic text
830 0 _aProject Gutenberg
_v45363
856 4 0 _uhttp://www.gutenberg.org/ebooks/45363
942 _cEB
999 _c274614
_d274614